Pays d'Afrique en Sports collectifs (Mort subite) - Statistiques

Statistiques générales
  • Ce quiz a été pris 301 fois
  • Le résultat moyen est 6 sur 21
Answers on the Grid
Answers color-coded by a green-red scale on the quiz's grid according to % correct below.
Afrique du Sud
Algérie
Angola
Bénin
Botswana
Burkina Faso
Burundi
Cameroun
Cap-Vert
Comores
Côte d'Ivoire
Djibouti
Egypte
Erythrée
Eswatini
Ethiopie
Gabon
Gambie
Ghana
Guinée
Guinée-Bissau
Guinée Equatoriale
Kenya
Lesotho
Liberia
Libye
Madagascar
Malawi
Mali
Maroc
Maurice
Mauritanie
Mozambique
Namibie
Niger
Nigeria
Ouganda
Rwanda
République Centrafricaine
République du Congo
RD Congo
Sao Tomé-et-Principe
Sénégal
Seychelles
Sierra Leone
Somalie
Soudan
Soudan du Sud
Tanzanie
Tchad
Togo
Tunisie
Zambie
Zimbabwe
 
Statistiques - réponses
Réponse % Correct
Foot, Rugby, Hockey sur Gazon, Water-Polo Afrique du Sud
95%
Foot, Basket, Hand, Volley Algérie
88%
Foot, Volley Cameroun
59%
Foot, Basket, Hand, Volley, Water-Polo Egypte
57%
Foot, Rugby, Basket Côte d'Ivoire
54%
Foot, Basket, Hand Angola
44%
Foot, Hockey sur Gazon Ghana
38%
Foot, Hand Maroc
35%
Foot, Basket, Hand Nigeria
29%
Foot, Basket, Hand, Volley Tunisie
25%
Foot, Basket Sénégal
21%
Foot Togo
14%
Foot (Zaïre), Hand RD Congo
13%
Hockey sur Gazon Kenya
12%
Basket, Hand Cap-Vert
9%
Rugby Namibie
8%
Rugby Zimbabwe
8%
Volley Libye
2%
Basket Soudan du Sud
2%
Hand, Volley Guinée
1%
Basket République Centrafricaine
1%
Aucun quiz correspondant
Distribution des résultats
% des personnes avec chaque résultat
Percentile par nombre de réponses
Votre historique - résultats
Vous n’avez pas pris ce quiz